<?xml version="1.0" encoding="UTF-8"?>
<record
    xmlns:xsi="http://www.w3.org/2001/XMLSchema-instance"
    xsi:schemaLocation="http://www.loc.gov/MARC21/slim http://www.loc.gov/standards/marcxml/schema/MARC21slim.xsd"
    xmlns="http://www.loc.gov/MARC21/slim">

  <leader>00706nam a22002297a 4500</leader>
  <controlfield tag="005">20260515114918.0</controlfield>
  <controlfield tag="008">220518b           ||||| |||| 00| 0 eng d</controlfield>
  <datafield tag="020" ind1=" " ind2=" ">
    <subfield code="a">9788194821045</subfield>
  </datafield>
  <datafield tag="040" ind1=" " ind2=" ">
    <subfield code="a">IN-DiNC</subfield>
    <subfield code="c">IN-DiNC</subfield>
  </datafield>
  <datafield tag="041" ind1=" " ind2=" ">
    <subfield code="d">asm</subfield>
  </datafield>
  <datafield tag="082" ind1=" " ind2=" ">
    <subfield code="a">324</subfield>
    <subfield code="b">TUL</subfield>
  </datafield>
  <datafield tag="245" ind1=" " ind2=" ">
    <subfield code="a">Tulonamulok prekshyapotot rajnoitik prokriya aru protisthan/</subfield>
    <subfield code="c">by Nabin Gohain and others</subfield>
  </datafield>
  <datafield tag="250" ind1=" " ind2=" ">
    <subfield code="a">2nd ed.</subfield>
  </datafield>
  <datafield tag="260" ind1=" " ind2=" ">
    <subfield code="a">Jorhat:</subfield>
    <subfield code="b">Bidya bhawan,</subfield>
    <subfield code="c">2022.</subfield>
  </datafield>
  <datafield tag="300" ind1=" " ind2=" ">
    <subfield code="a">319p.</subfield>
  </datafield>
  <datafield tag="650" ind1=" " ind2=" ">
    <subfield code="a">Political processes and institutions in comparative perspective</subfield>
  </datafield>
  <datafield tag="700" ind1=" " ind2=" ">
    <subfield code="a">Gohain, Nabin</subfield>
    <subfield code="e">author</subfield>
  </datafield>
  <datafield tag="700" ind1=" " ind2=" ">
    <subfield code="a">Borah, Pankaj </subfield>
    <subfield code="e">author</subfield>
  </datafield>
  <datafield tag="700" ind1=" " ind2=" ">
    <subfield code="a">Gogoi, Tralukya </subfield>
    <subfield code="e">author</subfield>
  </datafield>
  <datafield tag="700" ind1=" " ind2=" ">
    <subfield code="a">Saikia, Pranjeet </subfield>
    <subfield code="e">author</subfield>
  </datafield>
  <datafield tag="942" ind1=" " ind2=" ">
    <subfield code="2">ddc</subfield>
    <subfield code="c">BK</subfield>
  </datafield>
  <datafield tag="999" ind1=" " ind2=" ">
    <subfield code="c">11276</subfield>
    <subfield code="d">11276</subfield>
  </datafield>
  <datafield tag="952" ind1=" " ind2=" ">
    <subfield code="0">0</subfield>
    <subfield code="1">0</subfield>
    <subfield code="2">ddc</subfield>
    <subfield code="4">0</subfield>
    <subfield code="7">0</subfield>
    <subfield code="8">POL</subfield>
    <subfield code="a">MAIN</subfield>
    <subfield code="b">MAIN</subfield>
    <subfield code="c">GEN</subfield>
    <subfield code="d">2022-05-18</subfield>
    <subfield code="g">300.00</subfield>
    <subfield code="l">27</subfield>
    <subfield code="o">324 TUL</subfield>
    <subfield code="p">28939</subfield>
    <subfield code="r">2025-11-13 10:41:07</subfield>
    <subfield code="s">2025-08-26</subfield>
    <subfield code="t">1</subfield>
    <subfield code="w">2022-05-18</subfield>
    <subfield code="y">BK</subfield>
  </datafield>
  <datafield tag="952" ind1=" " ind2=" ">
    <subfield code="0">0</subfield>
    <subfield code="1">0</subfield>
    <subfield code="2">ddc</subfield>
    <subfield code="4">0</subfield>
    <subfield code="7">0</subfield>
    <subfield code="8">POL</subfield>
    <subfield code="a">MAIN</subfield>
    <subfield code="b">MAIN</subfield>
    <subfield code="c">GEN</subfield>
    <subfield code="d">2022-05-18</subfield>
    <subfield code="g">300.00</subfield>
    <subfield code="l">23</subfield>
    <subfield code="o">324 TUL</subfield>
    <subfield code="p">28940</subfield>
    <subfield code="r">2026-03-28 05:04:10</subfield>
    <subfield code="s">2026-03-24</subfield>
    <subfield code="t">2</subfield>
    <subfield code="w">2022-05-18</subfield>
    <subfield code="y">BK</subfield>
  </datafield>
  <datafield tag="952" ind1=" " ind2=" ">
    <subfield code="0">0</subfield>
    <subfield code="1">0</subfield>
    <subfield code="2">ddc</subfield>
    <subfield code="4">0</subfield>
    <subfield code="7">0</subfield>
    <subfield code="8">POL</subfield>
    <subfield code="a">MAIN</subfield>
    <subfield code="b">MAIN</subfield>
    <subfield code="c">GEN</subfield>
    <subfield code="d">2022-05-18</subfield>
    <subfield code="g">300.00</subfield>
    <subfield code="l">31</subfield>
    <subfield code="o">324 TUL</subfield>
    <subfield code="p">28941</subfield>
    <subfield code="r">2025-11-11 10:39:59</subfield>
    <subfield code="s">2025-10-27</subfield>
    <subfield code="t">3</subfield>
    <subfield code="w">2022-05-18</subfield>
    <subfield code="y">BK</subfield>
  </datafield>
  <datafield tag="952" ind1=" " ind2=" ">
    <subfield code="0">0</subfield>
    <subfield code="1">0</subfield>
    <subfield code="2">ddc</subfield>
    <subfield code="4">0</subfield>
    <subfield code="7">0</subfield>
    <subfield code="8">POL</subfield>
    <subfield code="a">MAIN</subfield>
    <subfield code="b">MAIN</subfield>
    <subfield code="c">GEN</subfield>
    <subfield code="d">2023-01-23</subfield>
    <subfield code="g">300.00</subfield>
    <subfield code="l">18</subfield>
    <subfield code="o">324 TUL</subfield>
    <subfield code="p">29243</subfield>
    <subfield code="r">2026-05-02 06:29:07</subfield>
    <subfield code="s">2026-05-02</subfield>
    <subfield code="t">4</subfield>
    <subfield code="w">2023-01-23</subfield>
    <subfield code="y">BK</subfield>
  </datafield>
  <datafield tag="952" ind1=" " ind2=" ">
    <subfield code="0">0</subfield>
    <subfield code="1">0</subfield>
    <subfield code="2">ddc</subfield>
    <subfield code="4">0</subfield>
    <subfield code="7">0</subfield>
    <subfield code="8">POL</subfield>
    <subfield code="a">MAIN</subfield>
    <subfield code="b">MAIN</subfield>
    <subfield code="c">GEN</subfield>
    <subfield code="d">2023-01-23</subfield>
    <subfield code="g">300.00</subfield>
    <subfield code="l">18</subfield>
    <subfield code="o">324 TUL</subfield>
    <subfield code="p">29244</subfield>
    <subfield code="r">2025-02-06 09:06:10</subfield>
    <subfield code="s">2025-01-21</subfield>
    <subfield code="t">5</subfield>
    <subfield code="w">2023-01-23</subfield>
    <subfield code="y">BK</subfield>
  </datafield>
  <datafield tag="952" ind1=" " ind2=" ">
    <subfield code="0">0</subfield>
    <subfield code="1">0</subfield>
    <subfield code="2">ddc</subfield>
    <subfield code="4">0</subfield>
    <subfield code="7">0</subfield>
    <subfield code="8">POL</subfield>
    <subfield code="a">MAIN</subfield>
    <subfield code="b">MAIN</subfield>
    <subfield code="c">GEN</subfield>
    <subfield code="d">2023-01-23</subfield>
    <subfield code="g">300.00</subfield>
    <subfield code="l">19</subfield>
    <subfield code="o">324 TUL</subfield>
    <subfield code="p">29245</subfield>
    <subfield code="r">2025-03-28 04:22:27</subfield>
    <subfield code="s">2025-03-17</subfield>
    <subfield code="t">6</subfield>
    <subfield code="w">2023-01-23</subfield>
    <subfield code="y">BK</subfield>
  </datafield>
</record>
